সংস্কৃত ও বাংলা ভাষা-সাহিত্যে সংখ্যাবাচক শব্দের ব্যবহার/ (Record no. 18705)
[ view plain ]
| 000 -LEADER | |
|---|---|
| fixed length control field | 01050nam a22002297a 4500 |
| 003 - CONTROL NUMBER IDENTIFIER | |
| control field | BDDh-ASL |
| 005 - DATE AND TIME OF LATEST TRANSACTION | |
| control field | 20231015025726.0 |
| 008 - FIXED-LENGTH DATA ELEMENTS--GENERAL INFORMATION | |
| fixed length control field | 201021s1993 b ||||| |||| 00| 0 b d |
| 020 ## - INTERNATIONAL STANDARD BOOK NUMBER | |
| International Standard Book Number | 9840728385 |
| 040 ## - CATALOGING SOURCE | |
| Original cataloging agency | BDDh-ASL |
| Transcribing agency | BDDh-ASL |
| Modifying agency | BDDh-ASL |
| 041 ## - LANGUAGE CODE | |
| Language code of text/sound track or separate title | ben |
| 082 ## - DEWEY DECIMAL CLASSIFICATION NUMBER | |
| Classification number | 491.244 |
| Item number | BHS |
| 100 1# - MAIN ENTRY--PERSONAL NAME | |
| Personal name | ভৌমিক, কল্পনা |
| 9 (RLIN) | 1565 |
| 245 10 - TITLE STATEMENT | |
| Title | সংস্কৃত ও বাংলা ভাষা-সাহিত্যে সংখ্যাবাচক শব্দের ব্যবহার/ |
| Statement of responsibility, etc. | কল্পনা ভৌমিক। |
| 246 ## - VARYING FORM OF TITLE | |
| Title proper/short title | Samskrita o Bangla Bhasha-Sahitye Samkhyavachak |
| 260 ## - PUBLICATION, DISTRIBUTION, ETC. | |
| Place of publication, distribution, etc. | ঢাকা: |
| Name of publisher, distributor, etc. | বাংলা একাডেমী, |
| Date of publication, distribution, etc. | ১৯৯৩। |
| 300 ## - PHYSICAL DESCRIPTION | |
| Extent | পৃ. ৪২০: |
| Dimensions | ২২ সে.মি.। |
| 504 ## - BIBLIOGRAPHY, ETC. NOTE | |
| Bibliography, etc. note | গ্রন্থপঞ্জি ও নির্ঘন্ট সংযুক্ত। |
| 650 #0 - SUBJECT ADDED ENTRY--TOPICAL TERM | |
| 9 (RLIN) | 1568 |
| Topical term or geographic name entry element | সংস্কৃত ভাষা |
| 650 #0 - SUBJECT ADDED ENTRY--TOPICAL TERM | |
| Topical term or geographic name entry element | বাংলা ভাষা (Bengali Language), Bangla Bhasha, ভাষা |
| 9 (RLIN) | 1542 |
| 942 ## - ADDED ENTRY ELEMENTS (KOHA) | |
| Source of classification or shelving scheme | Dewey Decimal Classification |
| Koha item type | Books |
| Withdrawn status | Lost status | Source of classification or shelving scheme | Damaged status | Not for loan | Collection code | Home library | Current library | Shelving location | Date acquired | Source of acquisition | Total Checkouts | Full call number | Barcode | Date last seen | Copy number | Price effective from | Koha item type |
|---|---|---|---|---|---|---|---|---|---|---|---|---|---|---|---|---|---|
| Dewey Decimal Classification | Non-fiction | Asiatic Society Library | Asiatic Society Library | General Stacks | 10/21/2020 | Complementary | 491.244 BHS | 101919 | 10/21/2020 | C-1 | 10/21/2020 | Books | |||||
| Dewey Decimal Classification | Non-fiction | Asiatic Society Library | Asiatic Society Library | Wakil Ahmed Collection | 03/06/2023 | Donated by Prof. Wakil Ahmed | 491.244 BHS | 119421 | 03/06/2023 | C-2 | 03/06/2023 | Books |